Vybrané prístupy finančnej analýzy v poisťovniach
Finančná analýza ako jeden zo strategických nástrojov riadenia finančných tokov. Poisťovne sú podnikom so špecifickými požiadavkami, preto aj finančná analýza má isté špecifiká oproti finančným analýzam v iných podnikoch. Porovnanie hodnotení poisťovacej spoločnosti ratingovými agentúrami.
Gespeichert in:
| 1. Verfasser: | |
|---|---|
| Format: | Buchkapitel |
| Sprache: | Slowakisch |
| Schlagworte: | |
| Tags: |
Keine Tags, Fügen Sie das erste Tag hinzu!
|
MARC
| LEADER | 00000naa$a2200000$$$4500 | ||
|---|---|---|---|
| 001 | 0091450 | ||
| 005 | 20240502091044.9 | ||
| 041 | 0 | |a slo | |
| 044 | |a SK | ||
| 245 | 1 | 0 | |a Vybrané prístupy finančnej analýzy v poisťovniach |c Elena Širá |
| 520 | |a Finančná analýza ako jeden zo strategických nástrojov riadenia finančných tokov. Poisťovne sú podnikom so špecifickými požiadavkami, preto aj finančná analýza má isté špecifiká oproti finančným analýzam v iných podnikoch. Porovnanie hodnotení poisťovacej spoločnosti ratingovými agentúrami. | ||
| 610 | 2 | 0 | |a poisťovne |
| 610 | 2 | 0 | |a analýza finančná |
| 610 | 2 | 0 | |a ukazovatele pomerové |
| 610 | 2 | 0 | |a agentúry |
| 610 | 2 | 0 | |a rating |
| 100 | 1 | |a Širá, Elena | |